Make a Country From Two Words - Statistics

General Stats
  • This quiz has been taken 60 times
  • The average score is 12 of 21
Answer Stats
Word Word Country % Correct
Pines Philip Philippines
90%
Ran Wad Rwanda
80%
Bag On Gabon
78%
Go Tan Tonga
67%
Dive Slam Maldives
65%
Pasta Ink Pakistan
63%
Fen Car France
61%
Sure Main Suriname
61%
Gnash Blade Bangladesh
59%
Acre Moon Cameroon
59%
Nice Lad Iceland
55%
Moo Can Monaco
53%
Oca Limbo Colombia
51%
Air Nuke Ukraine
49%
She Loot Lesotho
47%
Chines Litten Liechtenstein
47%
Ban Lone Lebanon
45%
No Radar Andorra
37%
Sine Oval Slovenia
37%
Care Duo Ecuador
31%
Shun Road Honduras
31%
No matching quizzes found
Score Distribution
Percent of People with Each Score
Percentile by Number Answered
Your Score History
You have not taken this quiz